| 000 | 01188 a2200193 4500 | ||
|---|---|---|---|
| 001 | 46389 | ||
| 005 | 20260407155735.0 | ||
| 008 | 260407a1981 arg spa d | ||
| 003 | AR-UNSa-BCEJYS | ||
| 040 |
_aAR-UNSa-BCEJYS _bspa _cAR-UNSa-BCEJYS |
||
| 080 |
_a347.44 _xContratos en general. Obligaciones |
||
| 245 | 1 | 0 | _aContratos |
| 264 | 1 |
_aBuenos Aires : _bEDIAR _c1981 |
|
| 300 |
_a494 p. _c23 cm. |
||
| 505 | _a1. Ubicación y caracterización – 2. Noción y clasificación – 3. Formación – 4. Contratos previos – 5. Modalidades – 6. Vicios – 7. Quienes pueden contratar – 8. Contratación por y para otro – 9. La operación jurídica – 10. El motivo determinante – 11. Solemnidades – 12. Demostración en juicio – 13. Sentido y alcance – 14. Consecuencias – 15. Partes y terceros – 16. El volver a ver – 17. Alternativas – 18. La sanción reparadora – 19. Efectos de los bilaterales – 20. Vicios en el derecho y en la cosa – 21. Otras fuentes lícitas – 22. La cooperación sin encargo – 23. El desplazamiento patrimonial incausado – | ||
| 942 | _cBK | ||
| 590 | _aniveau_biblio:m niveau_hierar:0 | ||
| 100 | 1 | _aMosset Iturraspe, Jorge | |
| 999 |
_c4192 _d4192 |
||